Lidé a peníze naše centrální banka oslavila v minulém roce 75 let své existence
Otvorenie expozície ČNB "Ľudia a peniaze" spojené s pripomenutím vzniku Národní banky Československé pred 75 rokmi (1926). História a udalosti súvisiace s pôsobením centrálnej banky od roku 1918. (Pozri aj články na s. 16-20.)
Saved in:
| Main Author: | |
|---|---|
| Format: | Book Chapter |
| Language: | Czech |
| Subjects: | |
| Tags: |
No Tags, Be the first to tag this record!
|
MARC
| LEADER | 00000naa a2200000 4500 | ||
|---|---|---|---|
| 001 | r044079 | ||
| 005 | 20231004072550.9 | ||
| 041 | 0 | |a cze | |
| 044 | |a CZ | ||
| 245 | 1 | 0 | |a Lidé a peníze |b naše centrální banka oslavila v minulém roce 75 let své existence |c František Vencovský |
| 520 | |a Otvorenie expozície ČNB "Ľudia a peniaze" spojené s pripomenutím vzniku Národní banky Československé pred 75 rokmi (1926). História a udalosti súvisiace s pôsobením centrálnej banky od roku 1918. (Pozri aj články na s. 16-20.) | ||
| 610 | 2 | 0 | |a ČNB Praha |
| 610 | 2 | 0 | |a banky centrálne |
| 610 | 2 | 0 | |a Česko |
| 610 | 2 | 0 | |a história |
| 610 | 2 | 0 | |a Národní banka Československá |
| 610 | 2 | 0 | |a 1926 |
| 610 | 2 | 0 | |a 1926-2001 |
| 100 | 1 | |a Vencovský, František | |